LEADER 01105nam0 22002771i 450 001 UON00196027 005 20231205103234.420 010 $a90-533-3291-X 100 $a20030730d1995 |0itac50 ba 101 $adut 102 $aNL 105 $a|||| ||||| 200 1 $aDoe maar gewoon$e99 tips voor het omgaan met Nederlanders$fHans Kaldenbach$gmet illustraties van Dragan Striskovic 210 $aAmsterdam$cPrometheus$d1995. 52 p.$cill. ; 20 cm. 316 $aGoverno Olandese$5IT-UONSI OlandMISCKAL 620 $aNL$dAmsterdam$3UONL001817 676 $a839.31$cLetteratura olandese$v21 700 1$aKALDENBACH$bHans$3UONV116390$0678833 702 1$aSTRISKOVIC$bDragan$3UONV116391 712 $aPrometheus$3UONV261019$4650 801 $aIT$bSOL$c20240220$gRICA 899 $aSIBA - SISTEMA BIBLIOTECARIO DI ATENEO$2UONSI 912 $aUON00196027 950 $aSIBA - SISTEMA BIBLIOTECARIO DI ATENEO$dSI Oland MISC KAL $eSI LO 59442 5 Governo Olandese 996 $aDoe maar gewoon$91289952 997 $aUNIOR LEADER 00785nam 2200253 450 001 996710280303316 005 20260315194932.0 100 $a20260223d1991----km y0itay5003 ba 101 0 $aita 102 $aIT 105 $ay 00 y 200 1 $a<> legge, il giudice e la certezza del diritto$equestioni attuali sulla crisi della giustizia$eFrosinone, 9 marzo 1991$fGiovanni Galloni 210 $a[S.l.$cs.n.]$d1991 215 $a25 p.$d21 cm 606 0 $aLeggi$2BNCF 676 $a348.02 700 1$aGALLONI,$bGiovanni$f<1927-2018>$0791741 801 0$aIT$bcba$gREICAT 912 $a996710280303316 951 $aXVI.7.Misc. 2428$b2484 FBUO$cXVI.7.Misc. 959 $aBK 969 $aFBUO 996 $aLegge, il giudice e la certezza del diritto$94544791 997 $aUNISA